000 00348cam a2200145ua 4500
041 _aeng
_h
082 _a823.308
_bHEI/FO
100 _aGalsworthy, John .
245 _aForsyte saga /
_cJohn Galsworthy.
_hTextual Documents
260 _aLondon :
_bHeinemann ,
_c1963.
300 _a783 ; .
504 _a
942 _cBK
999 _c12858
_d12858